[Event "Main Vogelsberg op 17th"]
[Site "Waechtersbach"]
[Date "2023.09.30"]
[Round "1"]
[White "Schelhorn, Paul"]
[Black "Miller, Renold"]
[Result "1-0"]
[WhiteElo "1833"]
[BlackElo "1452"]
[PlyCount "109"]
[EventDate "2023.09.30"]
[EventType "swiss"]
[EventRounds "7"]
[EventCountry "GER"]
[SourceTitle "EXT 2025"]
[Source "ChessBase"]
[SourceDate "2024.10.14"]
[SourceVersion "1"]
[SourceVersionDate "2024.10.14"]
[SourceQuality "1"]
[WhiteTeam "SF 1974 Heinsberg eV"]
[BlackTeam "SC Rastatt"]

1. d4 d5 2. c4 c6 3. Nc3 Nf6 4. Nf3 e6 5. g3 Nbd7 6. Bg2 Qa5 7. 0-0 Bb4 8. Bd2 Nb6 9. a3 Bxc3 10. Bxc3 Qa6 11. c5 Nbd7 12. Nd2 b6 13. cxb6 axb6 14. e4 dxe4 15. Nxe4 Nxe4 16. Bxe4 Bb7 17. f4 Nf6 18. Bd3 Qa7 19. Bb4 Rd8 20. f5 Rxd4 21. fxe6 b5 22. exf7+ Kxf7 23. Qh5+ g6 24. Bxg6+ hxg6 25. Rxf6+ Kxf6 26. Qxh8+ Ke6 27. Qe8+ Kf5 28. Qf8+ Kg4 29. Bc5 Qa4 30. h3+ Kxh3 31. Qh8+ Kxg3 32. Qxd4 Qxd4+ 33. Bxd4 g5 34. Rf1 g4 35. Rf7 Ba8 36. Ra7 c5 37. Be5+ Kf3 38. Rxa8 g3 39. Rg8 Ke4 40. Bxg3 c4 41. Rg5 Kd3 42. Rxb5 Kc2 43. a4 c3 44. bxc3 Kxc3 45. a5 Kc4 46. Rb8 Kc5 47. a6 Kc6 48. a7 Kc5 49. a8Q Kc4 50. Qc6+ Kd4 51. Rd8+ Ke3 52. Qe6+ Kf3 53. Rf8+ Kxg3 54. Qg6+ Kh3 55. Rh8# 1-0